Nostalgia y enseñanza en el Museo del Teatro /
Descripción Física:
Il·lustracions
Colección:
San Jorge,
; núm. 15 (juliol 1954), pàg 53-60
Idioma:
Español
MARC
| LEADER | 00000naa a2200000 a 4500 | ||
|---|---|---|---|
| 003 | Arxiu | ||
| 005 | 20260324181047.0 | ||
| 008 | 160829s1954 spcaxx s spa c | ||
| 040 | |a agdb | ||
| 100 | |a Oliveras, Alberto |9 29543 | ||
| 245 | 1 | 0 | |a Nostalgia y enseñanza en el Museo del Teatro / |c por Alberto Oliveras |
| 300 | |b Il·lustracions | ||
| 490 | |a San Jorge, |v núm. 15 (juliol 1954), pàg 53-60 | ||
| 500 | |a Información gráfica Publifotos | ||
| 610 | 2 | 0 | |9 54939 |a Museo del Arte Escénico (Barcelona, Catalunya) |x Objectes col·leccionats |
| 773 | |g Núm. 15 (juliol 1954), pàg 53-60 |t San Jorge. | ||
| 901 | |a Arxiu | ||
| 942 | |n 1 |2 udc |c ART | ||
| 952 | |0 0 |1 0 |4 0 |6 REV509 |7 1 |9 64829 |a Arxiu |b Arxiu |d 2022-12-15 |l 0 |o Rev-509 |r 2022-12-15 00:00:00 |w 2022-12-15 |y ARXIU |z També disponible a Rev-523 | ||
| 999 | |c 52209 |d 52209 | ||